000 00634nam a2200205Ia 4500
003 IN-BaIIA
008 211028s9999 xx 000 0 eng d
040 _cIIA Library
080 _a524.57
_bDEU
100 _aDeul, Erik Ronald
_915989
245 0 _aInterstellar dust and gas in the Milky way M33
_c S. Debarat
260 _aLieden
_bSterrewacht
_c1988
300 _a242p.
650 _aAstronomy and astrophysics thesaurus
650 _aInterstellar dust
_95398
650 _aInterstellar matter
_91189
650 _aMilky way
_96712
650 _aPh.D.thesis
_91344
942 _cBK
999 _c9490
_d9490